000
00476nam a2200133Ia 4500
008
100328s9999 xx 000 0 und d
082
_b
24246
100
_a
बोरकर लक्ष्मीदास
245
_a
प्रीत फुलली नभांतरी
260
_b
शांतीदूर्गा
630
_a
प्रीत फुलली नभांतरी
730
_a
प्रीत फुलली नभांतरी
942
_c
BOOK
999
_c
517667
_d
517664